Geography Quiz

Random Geography or City Quiz

Regions of largest French cities Quiz Stats

 Plays Quiz not verified by Sporcle

Challenge
Share
Tweet
Embed
Score 0/30 Timer 05:00
0 Plays Today
% Correct
Ile-de-France
93%
Provence-Alpes-Côte d'Azur
87.7%
Provence-Alpes-Côte d'Azur
86%
Alsace
84.2%
Provence-Alpes-Côte d'Azur
82.5%
Brittany
82.5%
Provence-Alpes-Côte d'Azur
78.9%
Aquitaine
78.9%
Nord-Pas-de-Calais
77.2%
Rhône-Alpes
73.7%
Brittany
71.9%
Rhône-Alpes
71.9%
Pays de la Loire
71.9%
Limousin
70.2%
Languedoc-Roussillon
70.2%
% Correct
Pays de la Loire
66.7%
Champagne-Ardennes
66.7%
Upper Normandy
66.7%
Burgundy
66.7%
Languedoc-Roussillon
64.9%
Languedoc-Roussillon
64.9%
Picardy
64.9%
Franche-Comté
63.2%
Midi-Pyrénées
59.6%
Rhône-Alpes
59.6%
Auvergne
59.6%
Lorraine
59.6%
Rhône-Alpes
56.1%
Reunion
56.1%
Pays de la Loire
52.6%

You're not logged in!

Compare scores with friends on all Sporcle quizzes.
Join for Free
OR
Log In

You Might Also Like...

Show Comments

Extras

Top Quizzes Today


Score Distribution

Your Account Isn't Verified!

In order to create a playlist on Sporcle, you need to verify the email address you used during registration. Go to your Sporcle Settings to finish the process.

Report this User

Report this user for behavior that violates our Community Guidelines.

Details: